Textbook on family planning : (Record no. 72578)

MARC details
000 -LEADER
fixed length control field 00929nam a22002657i 4500
003 - CONTROL NUMBER IDENTIFIER
control field URS
005 - DATE AND TIME OF LATEST TRANSACTION
control field 20251001091317.0
008 - FIXED-LENGTH DATA ELEMENTS--GENERAL INFORMATION
fixed length control field 180605b xxu||||| |||| 00| 0 eng d
020 ## - INTERNATIONAL STANDARD BOOK NUMBER
International Standard Book Number 971-23-3003-6
040 ## - CATALOGING SOURCE
Description conventions rda
Transcribing agency urs
Language of cataloging eng
050 14 - LIBRARY OF CONGRESS CALL NUMBER
Classification number HQ766.5.P6
Item number Q485 1985
100 1# - MAIN ENTRY--PERSONAL NAME
Personal name Quirolgico-Lugue, Lydia
Relator term author.
245 10 - TITLE STATEMENT
Title Textbook on family planning :
Remainder of title with an overview on population trends, problems, and policies /
Statement of responsibility, etc. by Lydia Quirolgico-Lugue, MD and Maria Fe Manguera-De Leon
250 ## - EDITION STATEMENT
Edition statement 2001 edition
264 #1 - PRODUCTION, PUBLICATION, DISTRIBUTION, MANUFACTURE, AND COPYRIGHT NOTICE
Place of production, publication, distribution, manufacture Manila :
Name of producer, publisher, distributor, manufacturer Rex Book Store,
Date of production, publication, distribution, manufacture, or copyright notice [date of publication not identified].
264 #4 - PRODUCTION, PUBLICATION, DISTRIBUTION, MANUFACTURE, AND COPYRIGHT NOTICE
Date of production, publication, distribution, manufacture, or copyright notice ©2001.
300 ## - PHYSICAL DESCRIPTION
Extent xviii, 217 pages :
Other physical details illustrations ;
Dimensions 22 cm.
336 ## - CONTENT TYPE
Source rdacontent
Content type term text
337 ## - MEDIA TYPE
Source rdamedia
Media type term unmediated
338 ## - CARRIER TYPE
Source rdacarrier
Carrier type term volume
504 ## - BIBLIOGRAPHY, ETC. NOTE
Bibliography, etc. note Includes bibliographical references.
650 #0 - SUBJECT ADDED ENTRY--TOPICAL TERM
Topical term or geographic name entry element Birth control
700 1# - ADDED ENTRY--PERSONAL NAME
Personal name Manguera-De Leon, Maria Fe
Relator term author.
942 ## - ADDED ENTRY ELEMENTS (KOHA)
Koha item type Filipiniana
Source of classification or shelving scheme Library of Congress Classification
Holdings
Withdrawn status Source of classification or shelving scheme Damaged status Not for loan Collection code Home library Current library Shelving location Date acquired Total Checkouts Full call number Barcode Date last seen Price effective from Koha item type
  Library of Congress Classification     Non-fiction Tanay College Library Tanay College Library General Stacks 01/13/2015   HQ766.5.P6 Q485 1985 URSTAN-15177 06/05/2018 01/13/2015 Filipiniana
  Library of Congress Classification     Non-fiction Tanay College Library Tanay College Library General Stacks 01/13/2015   HQ766.5.P6 Q485 1985 15178 04/06/2017 01/13/2015 Filipiniana
  Library of Congress Classification     Non-fiction Tanay College Library Tanay College Library Reserve Section 01/13/2015   HQ766.5.P6 Q485 1985 URSTAN-N3604 06/05/2018 01/13/2015 Filipiniana

University of Rizal System
Email us at univlibservices@urs.edu.ph

Visit our Website www.urs.edu.ph/library